Musique - One Hit Wonders #2 (Succès sans lendemain) - Statistiques

Statistiques générales
  • Ce quiz a été pris 57 fois
  • Le résultat moyen est 9 sur 20
Statistiques - réponses
Single Année Artiste/Groupe % Correct
Somebody That I Used to Know 2013 Gotye (ft. Kimbra)
88%
Partenaire particulier 1985 Partenaire particulier
82%
Dragostea din tei 2004 O-Zone
80%
99 Luftballons 1983 Nena
71%
Born To Be Alive 1978 Patrick Hernandez
71%
Mambo No. 5 (a Little Bit Of…) 1999 Lou Bega
65%
Marly-Gomont 2007 Kamini
63%
Toutes les femmes de ta vie 2001 L5
61%
What's Up? 1992 4 Non Blondes
41%
Life Is Life 1984 Opus
39%
Torn 1997 Natalie Imbruglia
35%
Safe and sounds 2011 Capital Cities
31%
Non, non, rien n’a changé 1971 Poppys
29%
Black Betty 1977 Ram Jam
29%
Chacun fait (c'qu'il lui plaît) 1981 Chagrin d'amour
22%
La Danse des canards 1980 J. J. Lionel
18%
Maniac 1998 Michael Sembello
18%
Come On Eileen 1982 Dexys Midnight Runners
10%
Macarena 1996 Los del Mar
4%
Beautiful Days 2003 Venus
0%
Aucun quiz correspondant
Distribution des résultats
% des personnes avec chaque résultat
Percentile par nombre de réponses
Votre historique - résultats
Vous n’avez pas pris ce quiz